LEADER 01925nam a2200337 a 4500 001 000000107074 003 CaOOAMICUS 005 20120209102256.0 008 070918s1855 fr u000 u lat r 040 $aPUL$bita$dLDB 100 0 $aCoelestinus PP.$bIII,$dc. 1106-1198.$0(OLS)http://pul/name/65746 245 10$aCoelestini III romani pontificis epistolae et privilegia oridine chronologico digesta, accedit Thomae Cistercensis monachi et Joannis Algrini commentarium in cantica /$caccurante J.-P. Migne. 260 $aLutetiae Parisiorum :$bexcudebatur et venit apud J.-P. Migne editorem,$c1855. 300 $a1308 col. ;$c28 cm 490 1 $aPatrologiae cursus completus.$aSeries secunda ;$v206 500 $aIn testa al front. : Saeculum XII. 500 $aLa paginazione segue il numero delle colonne. 700 0 $aThomas,$cO.Cist.,$dm. 1246?.$0(OLS)http://pul/name/81395 700 0 $aAlgrin, Jean,$cdi Abbeville, card.,$dm. 1238.$0(OLS)http://pul/name/65748 700 1 $aMigne, Jacques Paul,$csac.,$d1800-1875.$0(OLS)http://pul/name/4478 830 0$aPatrologiae cursus completus.$pSeries secunda ;$v206.$0(OLS)http://pul/title/92040 850 $aPUL 852 $aPUL$W1$xSL Cons. Gen., Altre Classi 1$y1$m2001 A 1.206$j121507$qStampati$B120558$CPULBib$Z2$F120558 $82 900 $aCelestino$bIII,$cpapa,$dc. 1106-1198$965746 900 $aBobone, Giacinto,$dc. 1106-1198$965746 900 $aTommaso,$cmonaco cisterciense,$dm. 1246?$981395 900 $aAlegrin, Jean,$dm. 1238$965748 910 $aPapi (1191-1198 : Coelestinus PP. III)$965746 941 1 $a8 996 $6245$aCoelestini III romani pontificis epistolae et privilegia oridine chronologico digesta, accedit Thomae Cistercensis monachi et Joannis Algrini commentarium in cantica$9(OLS)http://pul/title/134827 996 $6260$aLutetiae Parisiorum :$bexcudebatur et venit apud J.-P. Migne editorem$9(OLS)http://pul/publisher/50224 LEADER 01641nam a2200361 u 4500 001 000000017718 003 CaOOAMICUS 005 20070226110607.0 008 941010s1986 it u000 u ita u 020 $a8816401575 035 $a10412738 040 $aPUL(R)$bita 041 1 $aita$hcat 100 1 $aEiximenis, Francesc,$cO.F.M.,$d1330-1409.$0(OLS)http://pul/name/15906 245 10$aEstetica medievale dell'eros, della mensa, della città /$cFrancesc Eiximenis ; a cura di Gabriella Zanoletti ; presentazione di Rosario Assunto. 260 $aMilano :$bJaca Book,$c1986. 300 $a203 p. ;$c23 cm 490 1 $aBiblioteca di cultura medievale 490 1 $aDi fronte e attraverso ;$v157 500 $aTit. orig.: Llibre de les dones, Dotzè del Crestià, El Crestià (estratti). 504 $aBibliografia: p. 191-203. 650 4$aMedioevo$xVita e costumi sociali.$0(OLS)http://pul/subject/12441 700 1 $aAssunto, Rosario,$d1915-1994.$0(OLS)http://pul/name/15908 700 1 $aZanoletti, Gabriella.$0(OLS)http://pul/name/15907 830 0$aDi fronte e attraverso ;$v157.$0(OLS)http://pul/title/138 830 0$aBiblioteca di cultura medievale.$0(OLS)http://pul/title/2253 850 $aPUL 852 $aPUL$W1$xSL Filosofia 1$y2$m84 G 3$j24969$nBK-PRI$b $qStampati$B24969$CPULBib$Z2$F24969 $H $81 941 1 $a8 961 $aINV: 61293 996 $6020$a8816401575$9(OLS)http://pul/number/22819 996 $6245$aEstetica medievale dell'eros, della mensa, della città$9(OLS)http://pul/title/25348 996 $6260$aMilano :$bJaca Book$9(OLS)http://pul/publisher/47900